| 000 | 01455nam a22002777a 4500 | ||
|---|---|---|---|
| 001 | 1083 | ||
| 005 | 20240627142559.0 | ||
| 020 | _a9789995054342 | ||
| 040 |
_aFISKH _beng _cFISKH _dFISKH |
||
| 082 | _a779.2 | ||
| 100 | _aVanthary, Oum | ||
| 245 | _aសៀវភៅរូបភាពជុំវិញខ្លួនខ្ញុំ / | ||
| 246 | _aPicture book around me | ||
| 250 | _a10th Published in November 2021. | ||
| 260 |
_aPhnom Penh : _bSipar, _c2021 |
||
| 300 |
_a22 pages : _bcolor illustrations ; _c20 x 21 cm. |
||
| 505 | _aG | ||
| 520 | _aសៀវភៅនេះរៀបរាប់អំពី គ្រួសារ ដងខ្លួន បន្ទប់ទទួលភ្ញៀវ សម្លៀកបំពាក់ ផ្ទះ បន្ទប់បាយ ប្រដាប់លេង សាលារៀន បន្ទប់ទឹក រោងជាង។ សម្រាប់មតេយ្យកម្រិតទាប | ||
| 520 | _aBasic vocabulary is introduced to children with paintings, pictures around us such as family, body, clothes, toys, house, school, living room, bedroom, kitchen, bathroom, and work shop. | ||
| 521 |
_a350
_bLexile estimate |
||
| 521 |
_aG
_bRaz-Plus |
||
| 650 |
_aរូបភាព _vផ្នែកនៃរាងកាយ _xសកម្មភាព |
||
| 650 |
_aPictures _vBody part _xactivities |
||
| 700 |
_aVisuth, Seng _cillustrator |
||
| 942 |
_2ddc _cBK _n0 |
||
| 999 |
_c1083 _d1083 |
||